000 00315nam a2200133Ia 4500
008 240624s9999 xx 000 0 und d
041 _aeng
082 _a828 KON
100 _aKONDO MARIE
245 _aLIFE CHANGING MAGIC OF TIDYING
260 _c2011
_aLondon
_bPenguin
300 _a248 p; 20 cm.
365 _cRS
999 _c32520
_d32520